Ciencias de la naturaleza 4 : (Registro nro. 9958)

Detalles MARC
000 -LEADER
fixed length control field 01676nam a2200349 a 4500
001 - CONTROL NUMBER
control field 000358
003 - CONTROL NUMBER IDENTIFIER
control field DO-SdBNP
005 - DATE AND TIME OF LATEST TRANSACTION
control field 20160429100654.0
007 - PHYSICAL DESCRIPTION FIXED FIELD--GENERAL INFORMATION
fixed length control field 000358
008 - FIXED-LENGTH DATA ELEMENTS--GENERAL INFORMATION
fixed length control field 150130s1996 dr ac 000 0 spa d
020 ## - INTERNATIONAL STANDARD BOOK NUMBER
International Standard Book Number 8482610805
040 ## - CATALOGING SOURCE
Original cataloging agency BPMSU
Language of cataloging spa
Transcribing agency BPMSU
092 ## - LOCALLY ASSIGNED DEWEY CALL NUMBER (OCLC)
Classification number 372.257
Item number L791c, 4to. 1996
100 1# - MAIN ENTRY--PERSONAL NAME
Personal name Llibre de Vargas, Claudia
245 00 - TITLE STATEMENT
Title Ciencias de la naturaleza 4 :
Remainder of title educación básica /
Statement of responsibility, etc. Claudia Llibre de Vargas ; dirección editorial Obdulia García de Escobar ; ilustracion Roberto Germán, Frank Suárez, Ruddy Núñez
260 ## - PUBLICATION, DISTRIBUTION, ETC. (IMPRINT)
Place of publication, distribution, etc. Santo Domingo :
Name of publisher, distributor, etc. Santillana,
Date of publication, distribution, etc. 1998.
300 ## - PHYSICAL DESCRIPTION
Extent 111 p. :
Other physical details il. retrs. ;
Dimensions 28 cm.
500 ## - GENERAL NOTE
General note La biblioteca solamente posee el libro de texto.
505 1# - FORMATTED CONTENTS NOTE
Title El universo --
-- El sistema solar --
-- Nuestro planeta --
-- La luz --
-- El sonido --
-- La célula: unidad de vida --
-- El cuerpo por dentro --
-- Los animales --
-- Las plantas --
-- Los ecosistemas --
-- Intercambio de energía en los ecosistemas --
-- Los recursos naturales --
-- Los recursos naturales y su explotación --
-- La contaminación --
-- Deforestación y extinción de especies --
-- La agricultura --
-- Tecnología en la vida --
650 ## - SUBJECT ADDED ENTRY--TOPICAL TERM
Topical term or geographic name as entry element CIENCIAS NATURALES
General subdivision ENSEÑANZA BÁSICA
650 ## - SUBJECT ADDED ENTRY--TOPICAL TERM
Topical term or geographic name as entry element CIENCIAS NATURALES
General subdivision EDUCACIÓN PRIMARIA
650 ## - SUBJECT ADDED ENTRY--TOPICAL TERM
Topical term or geographic name as entry element EDUCACIÓN PRIMARIA
650 ## - SUBJECT ADDED ENTRY--TOPICAL TERM
Topical term or geographic name as entry element CIENCIAS NATURALES
Geographic subdivision REPÚBLICA DOMINICANA
650 ## - SUBJECT ADDED ENTRY--TOPICAL TERM
Topical term or geographic name as entry element CIENCIAS NATURALES
General subdivision LIBROS DE TEXTO
650 ## - SUBJECT ADDED ENTRY--TOPICAL TERM
Topical term or geographic name as entry element CIENCIAS NATURALES
General subdivision ESTUDIOS Y EJERCICIOS
700 1# - ADDED ENTRY--PERSONAL NAME
Personal name García de Escobar, Obdulia
Relator term dir. ed.
700 1# - ADDED ENTRY--PERSONAL NAME
Personal name Núñez, Ruddy
Relator term il.
700 1# - ADDED ENTRY--PERSONAL NAME
Personal name Germán, Roberto
Relator term il.
700 1# - ADDED ENTRY--PERSONAL NAME
Personal name Suárez, Frank
Relator term il.
942 ## - ADDED ENTRY ELEMENTS (KOHA)
Source of classification or shelving scheme Dewey Decimal Classification
Koha item type Libros
956 ## - LOCAL ELECTRONIC LOCATION AND ACCESS (OCLC)
Host name YLOCKWARD
Access number 10
Existencias
Withdrawn status Lost status Source of classification or shelving scheme Damaged status Not for loan Collection code Home library Current library Date acquired Source of acquisition Total Checkouts Barcode Date last seen Price effective from Koha item type
    Dewey Decimal Classification       Biblioteca Pública Metropolitana Salomé Ureña Biblioteca Pública Metropolitana Salomé Ureña 04/29/2016 Donación   BPMSU16040787 04/29/2016 04/29/2016 Libros